<?xml version="1.0" encoding="UTF-8"?>
<collection xmlns="http://www.loc.gov/MARC21/slim">
 <record>
  <leader>02985naa a2200457   4500</leader>
  <controlfield tag="001">1766534678</controlfield>
  <controlfield tag="003">DE-627</controlfield>
  <controlfield tag="005">20210812121757.0</controlfield>
  <controlfield tag="007">cr cn 008aaaaa</controlfield>
  <controlfield tag="008">210812s2003    xx |||||oo    00| ||ger c</controlfield>
  <datafield tag="024" ind1="7" ind2=" ">
   <subfield code="a">10.11588/kc.2003.11.82769</subfield>
   <subfield code="2">doi</subfield>
  </datafield>
  <datafield tag="035" ind1=" " ind2=" ">
   <subfield code="a">(DE-627)1766534678</subfield>
  </datafield>
  <datafield tag="035" ind1=" " ind2=" ">
   <subfield code="a">(DE-599)KXP1766534678</subfield>
  </datafield>
  <datafield tag="040" ind1=" " ind2=" ">
   <subfield code="a">DE-627</subfield>
   <subfield code="b">ger</subfield>
   <subfield code="c">DE-627</subfield>
   <subfield code="e">rda</subfield>
  </datafield>
  <datafield tag="041" ind1=" " ind2=" ">
   <subfield code="a">ger</subfield>
  </datafield>
  <datafield tag="084" ind1=" " ind2=" ">
   <subfield code="a">KUNST</subfield>
   <subfield code="q">DE-16</subfield>
   <subfield code="2">fid</subfield>
  </datafield>
  <datafield tag="100" ind1="1" ind2=" ">
   <subfield code="a">Engelberg, Meinrad von</subfield>
   <subfield code="d">1966-</subfield>
   <subfield code="e">VerfasserIn</subfield>
   <subfield code="0">(DE-588)1042459894</subfield>
   <subfield code="0">(DE-627)76903456X</subfield>
   <subfield code="0">(DE-576)393960277</subfield>
   <subfield code="4">aut</subfield>
  </datafield>
  <datafield tag="245" ind1="1" ind2="0">
   <subfield code="a">Neue Überblickswerke zur Baukunst des süddeutschen Barock</subfield>
   <subfield code="c">Meinrad von Engelberg</subfield>
  </datafield>
  <datafield tag="264" ind1=" " ind2="1">
   <subfield code="c">2003</subfield>
  </datafield>
  <datafield tag="336" ind1=" " ind2=" ">
   <subfield code="a">Text</subfield>
   <subfield code="b">txt</subfield>
   <subfield code="2">rdacontent</subfield>
  </datafield>
  <datafield tag="337" ind1=" " ind2=" ">
   <subfield code="a">Computermedien</subfield>
   <subfield code="b">c</subfield>
   <subfield code="2">rdamedia</subfield>
  </datafield>
  <datafield tag="338" ind1=" " ind2=" ">
   <subfield code="a">Online-Ressource</subfield>
   <subfield code="b">cr</subfield>
   <subfield code="2">rdacarrier</subfield>
  </datafield>
  <datafield tag="500" ind1=" " ind2=" ">
   <subfield code="a">Elektronische Reproduktion der Druckausgabe</subfield>
  </datafield>
  <datafield tag="533" ind1=" " ind2=" ">
   <subfield code="a">Online-Ausgabe</subfield>
   <subfield code="b">Heidelberg</subfield>
   <subfield code="c">arthistoricum.net</subfield>
   <subfield code="d">2021</subfield>
   <subfield code="7">|2021||||||||||</subfield>
  </datafield>
  <datafield tag="655" ind1=" " ind2="7">
   <subfield code="a">Rezension</subfield>
   <subfield code="0">(DE-588)4049712-4</subfield>
   <subfield code="0">(DE-627)106186019</subfield>
   <subfield code="0">(DE-576)209083166</subfield>
   <subfield code="2">gnd-content</subfield>
  </datafield>
  <datafield tag="773" ind1="0" ind2="8">
   <subfield code="i">Enthalten in</subfield>
   <subfield code="t">Kunstchronik</subfield>
   <subfield code="d">Heidelberg : Universitätsbibliothek Heidelberg, 2019</subfield>
   <subfield code="g">56(2003), 11, Seite 584-593</subfield>
   <subfield code="h">Online-Ressource</subfield>
   <subfield code="w">(DE-627)1670038009</subfield>
   <subfield code="w">(DE-600)2979370-1</subfield>
   <subfield code="x">2510-7534</subfield>
   <subfield code="7">|||s</subfield>
  </datafield>
  <datafield tag="773" ind1="1" ind2="8">
   <subfield code="g">volume:56</subfield>
   <subfield code="g">year:2003</subfield>
   <subfield code="g">number:11</subfield>
   <subfield code="g">pages:584-593</subfield>
  </datafield>
  <datafield tag="787" ind1="0" ind2="8">
   <subfield code="i">Rezension von</subfield>
   <subfield code="a">Bauer, Hermann, 1929 - 2000</subfield>
   <subfield code="t">Barocke Deckenmalerei in Süddeutschland</subfield>
   <subfield code="d">München : Dt. Kunstverl., 2000</subfield>
   <subfield code="h">240 S.</subfield>
   <subfield code="w">(DE-627)312060106</subfield>
   <subfield code="w">(DE-576)078508622</subfield>
   <subfield code="z">9783422062733</subfield>
   <subfield code="z">3422062734</subfield>
  </datafield>
  <datafield tag="787" ind1="0" ind2="8">
   <subfield code="i">Rezension von</subfield>
   <subfield code="t">Zauber des Barock und Rokoko</subfield>
   <subfield code="d">Köln : DuMont, 2000</subfield>
   <subfield code="h">351 S</subfield>
   <subfield code="w">(DE-627)320340996</subfield>
   <subfield code="w">(DE-576)088564975</subfield>
   <subfield code="z">3770150600</subfield>
  </datafield>
  <datafield tag="787" ind1="0" ind2="8">
   <subfield code="i">Rezension von</subfield>
   <subfield code="a">Hierl-Deronco, Norbert, 1924 - </subfield>
   <subfield code="t">Es ist eine Lust zu bauen</subfield>
   <subfield code="d">Krailling, LK Starnberg : Hierl-Deronco, 2001</subfield>
   <subfield code="h">285 S</subfield>
   <subfield code="w">(DE-627)334385458</subfield>
   <subfield code="w">(DE-576)108042421</subfield>
   <subfield code="z">3929884089</subfield>
  </datafield>
  <datafield tag="787" ind1="0" ind2="8">
   <subfield code="i">Rezension von</subfield>
   <subfield code="a">Hundemer, Markus, 1959 - </subfield>
   <subfield code="t">Rhetorische Kunsttheorie und barocke Deckenmalerei</subfield>
   <subfield code="b">1. Aufl.</subfield>
   <subfield code="d">Regensburg : Schnell und Steiner, 1997</subfield>
   <subfield code="h">288 S.</subfield>
   <subfield code="w">(DE-627)23415831X</subfield>
   <subfield code="w">(DE-576)061634093</subfield>
   <subfield code="z">3795411300</subfield>
  </datafield>
  <datafield tag="787" ind1="0" ind2="8">
   <subfield code="i">Rezension von</subfield>
   <subfield code="t">Barock in Süddeutschland</subfield>
   <subfield code="d">Stuttgart : Theiss, 2001</subfield>
   <subfield code="h">160 S</subfield>
   <subfield code="w">(DE-627)334152844</subfield>
   <subfield code="w">(DE-576)09396661X</subfield>
   <subfield code="z">3806214204</subfield>
  </datafield>
  <datafield tag="787" ind1="0" ind2="8">
   <subfield code="i">Rezension von</subfield>
   <subfield code="a">Schütz, Bernhard, 1941 - </subfield>
   <subfield code="t">Die kirchliche Barockarchitektur in Bayern und Oberschwaben 1580 - 1780</subfield>
   <subfield code="d">München : Hirmer, 2000</subfield>
   <subfield code="h">193, 144 S.</subfield>
   <subfield code="w">(DE-627)1604814233</subfield>
   <subfield code="w">(DE-576)078840856</subfield>
   <subfield code="z">3777482900</subfield>
  </datafield>
  <datafield tag="856" ind1="4" ind2="0">
   <subfield code="u">https://doi.org/10.11588/kc.2003.11.82769</subfield>
   <subfield code="x">Verlag</subfield>
   <subfield code="x">Resolving-System</subfield>
   <subfield code="z">kostenfrei</subfield>
   <subfield code="3">Volltext</subfield>
  </datafield>
  <datafield tag="856" ind1="4" ind2="0">
   <subfield code="u">https://journals.ub.uni-heidelberg.de/index.php/kchronik/article/view/82769</subfield>
   <subfield code="x">Verlag</subfield>
   <subfield code="z">kostenfrei</subfield>
   <subfield code="3">Volltext</subfield>
  </datafield>
  <datafield tag="936" ind1="u" ind2="w">
   <subfield code="d">56</subfield>
   <subfield code="j">2003</subfield>
   <subfield code="e">11</subfield>
   <subfield code="h">584-593</subfield>
  </datafield>
  <datafield tag="951" ind1=" " ind2=" ">
   <subfield code="a">AR</subfield>
  </datafield>
  <datafield tag="994" ind1=" " ind2=" ">
   <subfield code="u">https://journals.ub.uni-heidelberg.de/index.php/kchronik/article/view/82769/76987</subfield>
  </datafield>
  <datafield tag="994" ind1=" " ind2=" ">
   <subfield code="u">https://journals.ub.uni-heidelberg.de/index.php/kchronik/article/view/82769/76987</subfield>
  </datafield>
  <datafield tag="991" ind1=" " ind2=" ">
   <subfield code="a">Rezension (Monographie, Zeitschrift, Aufsatz)</subfield>
  </datafield>
  <datafield tag="999" ind1=" " ind2=" ">
   <subfield code="a">KXP-PPN1766534678</subfield>
   <subfield code="e">4050748843</subfield>
  </datafield>
 </record>
</collection>
